000 00591nam a2200217Ia 4500
001 1117
003 GE_BSU
008 181216s||||||||xx |||||||||||||| ||und||
020 _a9994013750
040 _cGE_BSU
080 _a821.161.1.09
100 _aХихадзе Лина
245 _aЛитература в движении(русско-грузинские диалоги)
260 _aТбилиси
260 _bТбилисский ун-т
260 _c2003
300 _a130стр.
541 _h5л.
653 _aЛитература в движении
942 _cBK
999 _c35268
_d35268